000 00729nas a2200253 4500
001 BR9510162
003 BR-BrBNA
005 20231205095543.0
007 ta
008 230509b bl.|||p| |||| 00| 00por d
040 _aBR-BrBNA
_bpor
_cBiblioteca Nacional de Agricultura
041 _a(Pt)
072 _aL53
100 1 _aPimentel, C.A.
100 1 _aDeschamps, J.C.
245 1 _aEfeitos de produtos anabolizantes sobre a qualidade do semen de touros
650 _aTouro
650 _aSemen
650 _aQualidade
650 _aAnabolizante
773 0 _tCiencia Rural (Brazil)
_xISSN 0103-8478
_g(May-Aug 1995), v. 25(2) p. 265-269
_wBR9510162
909 _a202311
_bLúcia
_c55
_dLúcia Elande
942 _2AGRIS
_n0
_cANA
999 _c151329
_d151329